000 00265nam a22001217a 4500
008 170905b xxu||||| |||| 00| 0 eng d
041 _aeng
080 _a616.12
100 _a07
101 _aMK
245 _a"KAFAZI I KRAHËRORIT''
_cIBRAHIMI,L
942 _2udc
_cBK
999 _c26125
_d26125